00888 2200301 4500001002100000005001700021008004100038035002400079090001500103100002600118245009000144260011800234300001900352440001700371650002000388650002200408700001900430850001500449980001300464985000600477986001300483999001500496999001500511999001500526999001500541999001500556999001500571YOGYA-0209000001644720090227022642.0 ind  0010-020900000016447 a398bTar T aTARIGAN, Henry Guntur aTatarucinganb(teka-teki Sunda)cdikumpulkan oleh Henry Guntur Tarigan, Undang Misdan aJakartabDepartemen Pendidikan dan Kebudayaan Proyek Penerbitan Buku Bacaan dan Sastra Indonesia dan Daerahc1978 a118 hlmc21 cm aPPS/SD/11/78 aTeka teki Sunda aSunda - Teka teki aMISDAN, Undang aYOPDYOG(B) a17-10-05 a6 afwhrtrev aa000038256 aa000038257 aa000038259 aa000038260 aa000059394 aa000059396